| 000 | 00482nam a2200181Ia 4500 | ||
|---|---|---|---|
| 003 | OSt | ||
| 005 | 20201204124754.0 | ||
| 008 | 190216s9999||||xx |||||||||||||| ||und|| | ||
| 020 | _a8124000484 | ||
| 040 | _coclc | ||
| 082 |
_a894.8123 _bSET/K |
||
| 100 |
_aSethu _96440 |
||
| 245 | 0 |
_aKiratham / _cSethu |
|
| 260 |
_bCurrent Books, _c1978. _aKottayam: |
||
| 300 | _a128p | ||
| 650 | _aMalayalam Novel | ||
| 942 |
_cBK _2ddc _h894.8123 _iSET/K _k894.8123 _mSET/K |
||
| 999 |
_c26013 _d26013 |
||